Guess the Niall Horan song #2 - Statistics

General Stats
  • This quiz has been taken 174 times
  • The average score is 76 of 153
Answer Stats
Answer % Correct
a
95%
you
94%
the
87%
Chorus
82%
to
82%
be
77%
your
77%
And
76%
on
74%
When
73%
when
73%
in
72%
it
65%
there
64%
this
63%
is
62%
I'll
60%
all
58%
I'm
57%
like
56%
so
56%
you're
54%
down
53%
too
53%
thin
52%
have
48%
know
47%
mirror
47%
One
46%
one
46%
now
45%
melts
43%
mind
42%
don't
41%
Don't
41%
Just
41%
tell
41%
look
40%
up
39%
Baby
36%
every
36%
Ooh
36%
Talkin'
36%
yourself
36%
at
34%
bathroom
34%
tellin'
34%
broken
33%
glass
33%
out
33%
total
33%
back
32%
car
32%
collaps
32%
from
30%
going
30%
Losin'
30%
turns
30%
sideways
29%
driveway
28%
there's
27%
think
27%
Sleep
26%
pass
25%
dreams
24%
shall
24%
Hard
23%
life's
23%
real
23%
star
23%
habit
22%
imagine
22%
Screamin'
22%
worry
22%
Spinnin'
21%
collapse
19%
Nights
19%
wall
19%
wolves
19%
falls
18%
outta
18%
track
18%
Catchin'
17%
fast
17%
hittin'
17%
Woo
17%
woo
17%
No matching quizzes found
Score Distribution
Percent of People with Each Score
Percentile by Number Answered
Your Score History
You have not taken this quiz